| 000 | 00925nam0a22002771 4500 | ||
|---|---|---|---|
| 001 | v19\rc\1760601 | ||
| 005 | 20250619120145.0 | ||
| 035 | _a(NLR Aleph) 004896317 | ||
| 090 |
_a5325404 _c5325404 |
||
| 100 | _a20061204e19031903|||y0rusy50 ca | ||
| 101 | 0 | _arus | |
| 102 | _aRU | ||
| 105 | _ay z ||||| | ||
| 200 | 1 |
_aСлучай чумы в Berlin'е _f[А. Коварский] |
|
| 210 |
_a[Санкт-Петербург] _cтип. Я. Трей _dценз. 1903 |
||
| 215 |
_a7 с. _d22 |
||
| 300 | _aАвт. указан в конце текста | ||
| 309 | _aБез тит. л. и обл. | ||
| 311 | _aОтт. из "Рус. врача". № 25. 1903 | ||
| 488 | 0 |
_12001#$aРусский врач$v1903, № 25 _tРусский врач |
|
| 700 | 1 |
_aКоварский _bА. _gАльберт |
|
| 801 | 0 |
_aRU _bNLR _gpsbo |
|
| 801 | 1 |
_aRU _bProSoft-M _2rusmarc |
|
| 852 |
_aNLR _j34.82.5.285 |
||
| 942 | _cBOOK | ||
| 980 | _aNB | ||